LEADER 01169nam a2200229 i 4500 001 000000195735 003 CaOOAMICUS 005 20110303000000.0 008 110303s1982 it u000 u ita u 013 $a174415 040 $aSeMil$bita 245 10$aPerchè viva la memoria :$bchiese profanate e distrutte nell'URSS /$ccon oltre 200 fotografie introdotte da Aleksandr Solzenicyn con un saggio sul samizdat. 260 $aMilano :$bLa Casa di Matriona,$c1982. 300 $a228 p. :$bill. ;$c21 cm. 650 4$aCattolici - Persecuzioni - Unione Sovietica - 1920-1960.$0(OLS)http://semarc/subject/12815 650 4$aCristiani - Persecuzioni - Unione sovietica.$0(OLS)http://semarc/subject/12816 700 1 $aSol?enicyn, Aleksandr Isaevi?,$d<1918-2008>.$0(OLS)http://semarc/name/73313 850 $aSeMil 852 $aSeMil$W1$xVenegono$y1$m3U III 426$j146304$B146304$CSeMilBibl$Z2$F165923 $81 961 $aOmaggio: Grampa dott. Cesare 996 $6245$aPerchè viva la memoria :$bchiese profanate e distrutte nell'URSS$9(OLS)http://semarc/title/282496 996 $6260$aMilano :$bLa Casa di Matriona$9(OLS)http://semarc/publisher/30246 LEADER 01081nam a2200241 i 4500 001 000000197412 003 CaOOAMICUS 005 20110211000000.0 008 110211s2001 it u000 u ita u 013 $a176099 020 $a88-315-2229-9 040 $aSeMil$bita 245 10$aComunicare il Vangelo in un mondo che cambia :$borientamenti pastorali dell'Episcopato italiano per il primo decennio del Duemila. 260 $aMilano :$bPaoline,$c2001. 300 $a101 p. ;$c17 cm. 490 0 $aLa voce delle chiese locali ;$v34 830 3$aLa voce delle chiese locali [Paoline] ;$v34.$0(OLS)http://semarc/title/28576 850 $aSeMil 852 $aSeMil$W1$xVenegono$y1$m5D V 24/15$j147971$B147971$CSeMilBibl$Z2$F159416 $81 961 $aOmaggio: Altro 996 $6020$a88-315-2229-9$9(OLS)http://semarc/number/189534 996 $6245$aComunicare il Vangelo in un mondo che cambia :$borientamenti pastorali dell'Episcopato italiano per il primo decennio del Duemila$9(OLS)http://semarc/title/285040 996 $6260$aMilano :$bPaoline$9(OLS)http://semarc/publisher/29684